Joining Forces for Peru's Rainforest /
Se describe la alianza estre grupos ambientalistas e indígenas en su lucha para proteger el bosque lluvioso. El origen de esta particular unión, deriva de la coincidencia de posiciones en contra de las compañías petroleras y madereras, pues son una amenaza para la comunidad indígena y las zonas prot...
שמור ב:
| מחבר ראשי: | |
|---|---|
| פורמט: | Texto |
| נושאים: | |
| תגים: |
הוספת תג
אין תגיות, היה/י הראשונ/ה לתייג את הרשומה!
|
MARC
| LEADER | 00000 a a2200000 04500 | ||
|---|---|---|---|
| 001 | 9990 | ||
| 003 | |||
| 040 | |||
| 100 | |a Fraser, Barbara J. | ||
| 245 | |a Joining Forces for Peru's Rainforest / |c Barbara J. Fraser | ||
| 520 | |a Se describe la alianza estre grupos ambientalistas e indígenas en su lucha para proteger el bosque lluvioso. El origen de esta particular unión, deriva de la coincidencia de posiciones en contra de las compañías petroleras y madereras, pues son una amenaza para la comunidad indígena y las zonas protegidas en las áreas silvestres del Perú | ||
| 650 | |a DEFORESTACION | ||
| 650 | |a MOVILIZACION SOCIAL | ||
| 650 | |a POBLACION INDIGENA | ||
| 650 | |a PROTECCION AMBIENTAL | ||
| 650 | |a RECURSOS PETROLIFEROS | ||
| 773 | |g volumen 36, número 6; páginas 13-16 | ||
| 999 | |c 27105 |d 27105 | ||
